| 000 | 01001nam0a22002411i 4500 | ||
|---|---|---|---|
| 001 | rc\3129546 | ||
| 005 | 20240726054122.0 | ||
| 021 |
_aRU _b[76-1706] |
||
| 035 | _a(NLR Aleph) 007278400 | ||
| 090 |
_a5483382 _c5483382 |
||
| 100 | _a20120615d1975 |||y0rusy50 ca | ||
| 101 | 0 | _arus | |
| 102 | _aRU | ||
| 105 | _ay d ||||| | ||
| 200 | 1 |
_aВопросы оценки и выбора методов и моделей прогнозирования производительности труда _e(На примере пром-сти ЛатвССР) _eАвтореф. дис. на соиск. учен. степени канд. экон. наук _e(08.00.13) _fЛатв. гос. ун-т им. Петра Стучки |
|
| 210 |
_aРига _d1975 |
||
| 215 | _a23 с. | ||
| 320 | _aСписок работ авт.: с. 22-23 (8 назв.) | ||
| 700 | 1 |
_aПочс _bР.Я. _gРемигий Янович |
|
| 801 | 0 |
_aRU _bNLR _gpsbo |
|
| 801 | 1 |
_aRU _bELAR _2rusmarc |
|
| 852 |
_aNLR _j76-4/13354 |
||
| 942 | _cBOOK | ||